[Event "29. Klatovy A 2023"]
[Site "Klatovy"]
[Date "2023.07.05"]
[Round "5.22"]
[White "Strnad, Jakub"]
[Black "Zadrapova, Amalie"]
[Result "1/2-1/2"]
[WhiteElo "1957"]
[BlackElo "1789"]
[PlyCount "100"]
[EventDate "2023.07.01"]
[EventType "swiss"]
[EventRounds "9"]
[EventCountry "CZE"]

1. e4 c5 2. Nf3 d6 3. d4 cxd4 4. Nxd4 Nf6 5. Nc3 a6 6. Be2 e5 7. Nb3 Be7 8. Be3 Be6 9. O-O O-O 10. f4 exf4 11. Bxf4 Nc6 12. Kh1 Ne5 13. Nd4 Bd7 14. Qe1 Rc8 15. Qg3 Qc7 16. Bg5 Kh8 17. Bxf6 Bxf6 18. Nd5 Qc5 19. Nxf6 Qxd4 20. Rad1 Qxb2 21. Nxd7 Nxd7 22. Rxd6 Ne5 23. Bd3 Rce8 24. a4 Qb4 25. Rd5 Nxd3 26. cxd3 Qxa4 27. h3 Qc6 28. Rd6 Qc7 29. e5 Rd8 30. Re1 h6 31. Qf4 Rfe8 32. Re4 Kg8 33. d4 a5 34. d5 Rxd6 35. exd6 Qd7 36. Rxe8+ Qxe8 37. Qf5 Qd8 38. Qe5 Kf8 39. Qf4 b5 40. Qf1 b4 41. Qb5 Qxd6 42. Qxa5 f6 43. Qb5 Kf7 44. Qc4 f5 45. Qd3 Qe5 46. Qc4 Qe4 47. Qc7+ Kf8 48. d6 Qe1+ 49. Kh2 Qe5+ 50. Kh1 Qe1+ 1/2-1/2

[Event "29. Klatovy A 2023"]
[Site "Klatovy"]
[Date "2023.07.05"]
[Round "5.23"]
[White "Novak, Vaclav2"]
[Black "Sedmihradsky, Tomas"]
[Result "1/2-1/2"]
[WhiteElo "1948"]
[BlackElo "1775"]
[PlyCount "69"]
[EventDate "2023.07.01"]
[EventType "swiss"]
[EventRounds "9"]
[EventCountry "CZE"]

1. e4 e5 2. Nf3 Nf6 3. Nc3 Nc6 4. Bc4 Bc5 5. O-O d6 6. h3 O-O 7. d3 h6 8. Na4 Bb6 9. Nxb6 axb6 10. Be3 Be6 11. Bb3 Bxb3 12. axb3 Rxa1 13. Qxa1 d5 14. exd5 Nxd5 15. Qa4 Qd6 16. Bd2 Qc5 17. Rc1 b5 18. Qg4 Qd6 19. Nh4 Nd4 20. Nf5 Nxf5 21. Qxf5 Re8 22. Qe4 Re6 23. Ra1 Rg6 24. Ra8+ Kh7 25. h4 h5 26. Qf5 Nf6 27. Qc8 Rg4 28. Bg5 Qd5 29. g3 Qf3 30. Bxf6 Rxg3+ 31. fxg3 Qxg3+ 32. Kf1 Qf3+ 33. Ke1 Qe3+ 34. Kd1 Qf3+ 35. Kd2 1/2-1/2

[Event "29. Klatovy A 2023"]
[Site "Klatovy"]
[Date "2023.07.05"]
[Round "5.24"]
[White "Stary, Lukas"]
[Black "Zhang, Michelle 2013"]
[Result "0-1"]
[WhiteElo "1932"]
[BlackElo "1772"]
[PlyCount "110"]
[EventDate "2023.07.01"]
[EventType "swiss"]
[EventRounds "9"]
[EventCountry "CZE"]

1. d4 d5 2. Bf4 c5 3. e3 cxd4 4. exd4 Nc6 5. c3 Bf5 6. Qb3 Qd7 7. Nf3 e6 8. Bb5 f6 9. O-O g5 10. Bg3 h5 11. h4 g4 12. Ne1 Bd6 13. Bxd6 Qxd6 14. g3 Nge7 15. Bd3 O-O-O 16. Qa3 Qc7 17. b4 b6 18. Qc1 Nxd4 19. Qe3 Bxd3 20. Qxd3 Ndc6 21. Na3 Ne5 22. Qa6+ Qb7 23. Qxb7+ Kxb7 24. Nb5 N7c6 25. f4 Nc4 26. Nc2 Nd2 27. Rfd1 Ne4 28. Rd3 Rhe8 29. Rad1 a6 30. Nbd4 Nxd4 31. Nxd4 Rc8 32. Ne2 Nd6 33. Nd4 Rc4 34. Kg2 Ne4 35. f5 exf5 36. Nxf5 Re5 37. Rxd5 Rxd5 38. Rxd5 Rxc3 39. Ne7 Rxg3+ 40. Kh2 Rc3 41. Rxh5 g3+ 42. Kh3 Rc2 43. Rd5 Rh2+ 44. Kg4 g2 45. Rd7+ Kb8 46. Nc6+ Kc8 47. Re7 g1=Q+ 48. Kf5 Rf2+ 49. Ke6 Qg4+ 50. Kf7 Nd6+ 51. Kf8 Nb5 52. a4 Rg2 53. Rf7 Qg8+ 54. Ke7 Re2+ 55. Kxf6 Rf2+ 0-1

[Event "29. Klatovy A 2023"]
[Site "Klatovy"]
[Date "2023.07.05"]
[Round "5.25"]
[White "Kroulik, Vaclav"]
[Black "Kovar, Petr"]
[Result "1-0"]
[WhiteElo "1750"]
[BlackElo "1879"]
[PlyCount "81"]
[EventDate "2023.07.01"]
[EventType "swiss"]
[EventRounds "9"]
[EventCountry "CZE"]

1. e4 c5 2. Nf3 Nc6 3. d4 cxd4 4. Nxd4 g6 5. c4 Bg7 6. Be3 Nf6 7. Nc3 O-O 8. Be2 d6 9. O-O Qd7 10. f3 b6 11. Rb1 Bb7 12. b4 Rfd8 13. Nxc6 Bxc6 14. Qb3 Rab8 15. Rfd1 Qb7 16. Qa3 Qa8 17. Rdc1 Nd7 18. Nd5 Bxd5 19. cxd5 Rbc8 20. Ba6 Rxc1+ 21. Rxc1 Qb8 22. Qa4 Bf6 23. h3 Kg7 24. Qc6 Ne5 25. Qc7 Qxc7 26. Rxc7 Rd7 27. Rc8 g5 28. Bb5 a5 29. Bxd7 Nxd7 30. Rc7 Ne5 31. b5 Kg6 32. Bxb6 Kh5 33. Kf2 Kh4 34. Ke3 Kg3 35. Rc2 a4 36. Bd4 Nd7 37. Bxf6 exf6 38. Rc7 Nb6 39. Rc6 Nd7 40. Rxd6 Ne5 41. Rxf6 1-0

[Event "29. Klatovy A 2023"]
[Site "Klatovy"]
[Date "2023.07.05"]
[Round "5.26"]
[White "Lhotsky, Zdenek"]
[Black "Matejovsky, Ondrej"]
[Result "0-1"]
[WhiteElo "1840"]
[BlackElo "1928"]
[PlyCount "34"]
[EventDate "2023.07.01"]
[EventType "swiss"]
[EventRounds "9"]
[EventCountry "CZE"]

1. e4 e5 2. Nf3 Nf6 3. Nxe5 d6 4. Nf3 Nxe4 5. d4 d5 6. Bd3 Bd6 7. O-O O-O 8. c4 c6 9. Re1 Bf5 10. Qb3 Qd7 11. cxd5 cxd5 12. Nc3 Nxc3 13. Bxf5 Qxf5 14. Qxb7 Na4 15. Qxa8 Qd7 16. Ne5 Bxe5 17. Rxe5 Nb6 0-1

[Event "29. Klatovy A 2023"]
[Site "Klatovy"]
[Date "2023.07.05"]
[Round "5.27"]
[White "Hlavacek, Ondrej 1999"]
[Black "Vana, Jan 2010"]
[Result "1/2-1/2"]
[WhiteElo "1780"]
[BlackElo "1890"]
[PlyCount "68"]
[EventDate "2023.07.01"]
[EventType "swiss"]
[EventRounds "9"]
[EventCountry "CZE"]

1. Nf3 Nf6 2. b3 d5 3. Bb2 c6 4. e3 e6 5. Be2 Bd6 6. O-O O-O 7. d4 Nbd7 8. c4 Re8 9. Nbd2 Ne4 10. Bd3 f5 11. a3 g5 12. Bxe4 dxe4 13. Ne5 Bxe5 14. dxe5 Nc5 15. Bd4 Qe7 16. b4 Nd3 17. f3 Qc7 18. fxe4 Nxe5 19. Qh5 Nf7 20. exf5 exf5 21. Nf3 Qe7 22. g4 fxg4 23. Nd2 Ne5 24. Ne4 Nd7 25. Nxg5 Rf8 26. Rxf8+ Nxf8 27. Rf1 Be6 28. Nxe6 Qxe6 29. Rf6 Qd7 30. Rf5 Ng6 31. Qxg4 Qe7 32. Re5 Qf7 33. Rf5 Qe7 34. Re5 Qf7 1/2-1/2

[Event "29. Klatovy A 2023"]
[Site "Klatovy"]
[Date "2023.07.05"]
[Round "5.28"]
[White "Roubal, Matyas"]
[Black "Andrle, Filip"]
[Result "0-1"]
[WhiteElo "1850"]
[BlackElo "1692"]
[PlyCount "70"]
[EventDate "2023.07.01"]
[EventType "swiss"]
[EventRounds "9"]
[EventCountry "CZE"]

1. e4 c5 2. Nc3 Nc6 3. Bb5 Nd4 4. Bc4 e6 5. Nf3 g6 6. O-O Bg7 7. Nxd4 cxd4 8. Ne2 Ne7 9. c3 dxc3 10. dxc3 Qc7 11. Bb3 O-O 12. Be3 b6 13. Qd2 Bb7 14. f3 d5 15. exd5 Nxd5 16. Bh6 Qc5+ 17. Kh1 Rfd8 18. Bxg7 Kxg7 19. Qd4+ Qxd4 20. Nxd4 e5 21. Nc2 Nf4 22. Rf2 Rd6 23. Ne3 f6 24. Nc4 Rd7 25. Bc2 Rad8 26. Rb1 Ba6 27. Ne3 Rd2 28. Kg1 Rxf2 29. Kxf2 Rd2+ 30. Kg1 Re2 31. c4 Rxe3 32. g3 Nh3+ 33. Kg2 Re2+ 34. Kxh3 Rxc2 35. b3 Bb7 0-1

[Event "29. Klatovy A 2023"]
[Site "Klatovy"]
[Date "2023.07.05"]
[Round "5.29"]
[White "Kucera, Petr2"]
[Black "Pick, Stepan"]
[Result "1-0"]
[WhiteElo "1935"]
[BlackElo "1911"]
[PlyCount "146"]
[EventDate "2023.07.01"]
[EventType "swiss"]
[EventRounds "9"]
[EventCountry "CZE"]

1. e4 e6 2. Nc3 d5 3. Nf3 d4 4. Ne2 c5 5. c3 Nc6 6. cxd4 cxd4 7. Qa4 Bd7 8. Nexd4 Nxd4 9. Qxd4 Bc6 10. Qc3 Qb6 11. Bd3 Nf6 12. O-O Be7 13. e5 Nd5 14. Qd4 O-O-O 15. Qxb6 Nxb6 16. Be2 g5 17. Rd1 Nd5 18. d4 Nf4 19. Bxf4 gxf4 20. Rac1 Kb8 21. Ne1 Rhg8 22. Bf3 Bd5 23. Bxd5 Rxd5 24. Nf3 Rgd8 25. Rd2 h6 26. Kf1 Rc8 27. Rdc2 Rxc2 28. Rxc2 b5 29. Ke2 Rd8 30. Kd3 Rg8 31. Ke4 Rxg2 32. Kxf4 Kb7 33. h3 Rg8 34. Ke4 a6 35. Rc1 Rg2 36. Rg1 Rxf2 37. Rg7 Kc6 38. Rxf7 Bd8 39. b4 Rxa2 40. Rh7 a5 41. Rxh6 Kd7 42. Rh7+ Kc6 43. Ra7 a4 44. h4 Ra1 45. Kf4 a3 46. h5 a2 47. h6 Rh1 48. Rxa2 Rxh6 49. Ke4 Bb6 50. Rc2+ Kd7 51. Rh2 Rxh2 52. Nxh2 Bd8 53. Kd3 Be7 54. Kc3 Bg5 55. Ng4 Bh4 56. Kd2 Bg5+ 57. Kd3 Bh4 58. Nf6+ Kc6 59. Ne4 Be1 60. Nc3 Bf2 61. Ke4 Be1 62. d5+ exd5+ 63. Nxd5 Bh4 64. Nf4 Be1 65. Nd3 Bh4 66. Kf5 Kd5 67. Nc5 Bd8 68. Na6 Be7 69. e6 Bd8 70. Nb8 Be7 71. Na6 Bd8 72. Nc5 Be7 73. Nd3 Bd8 1-0

[Event "29. Klatovy A 2023"]
[Site "Klatovy"]
[Date "2023.07.05"]
[Round "5.30"]
[White "Benes, Jachym"]
[Black "Ruessel, Bernhard"]
[Result "1-0"]
[WhiteElo "1806"]
[BlackElo "1852"]
[PlyCount "71"]
[EventDate "2023.07.01"]
[EventType "swiss"]
[EventRounds "9"]
[EventCountry "CZE"]

1. d4 Nf6 2. c4 e6 3. Nf3 Bb4+ 4. Bd2 Be7 5. Nc3 d5 6. Bg5 O-O 7. e3 Nbd7 8. cxd5 exd5 9. Bd3 b6 10. O-O Bb7 11. Rc1 c5 12. dxc5 Nxc5 13. Be2 Qd7 14. Nd4 Rfd8 15. Bb5 Qc8 16. b4 a6 17. Be2 Ncd7 18. Nxd5 Nxd5 19. Rxc8 Raxc8 20. Bxe7 Nxe7 21. Bf3 Bd5 22. Bxd5 Nxd5 23. Qd2 Ne5 24. Rc1 Nc4 25. Qe2 b5 26. Qg4 Kf8 27. a3 Rc7 28. Qh4 Nf6 29. g4 h6 30. g5 hxg5 31. Qh8+ Ng8 32. a4 Rd5 33. axb5 axb5 34. Ra1 Rc8 35. Ra7 Ne5 36. Ne6+ 1-0

[Event "29. Klatovy A 2023"]
[Site "Klatovy"]
[Date "2023.07.06"]
[Round "6.1"]
[White "Straka, Vojtech"]
[Black "Neuman, Petr"]
[Result "1-0"]
[WhiteElo "2433"]
[BlackElo "2398"]
[PlyCount "87"]
[EventDate "2023.07.01"]
[EventType "swiss"]
[EventRounds "9"]
[EventCountry "CZE"]
[TimeControl "120+30"]

1. c4 {[%emt 0:00:07]} c6 {[%emt 0:00:05]} 2. Nf3 {[%emt 0:00:18]} d5 {[%emt 0:00:05]} 3. e3 {[%emt 0:00:13]} Nf6 {[%emt 0:00:10]} 4. Nc3 {[%emt 0:00:17]} a6 {[%emt 0:00:09]} 5. Qc2 {[%emt 0:06:43]} g6 {[%emt 0:01:22]} 6. d4 {[%emt 0:00:28]} Bf5 {[%emt 0:01:32]} 7. Bd3 {[%emt 0:00:26]} Bxd3 {[%emt 0:00:25]} 8. Qxd3 {[%emt 0:00:02]} Bg7 {[%emt 0:01:18]} 9. e4 {[%emt 0:05:19]} Nxe4 {[%emt 0:03:01]} 10. Nxe4 {[%emt 0:01:49]} dxe4 {[%emt 0:00:04]} 11. Qxe4 {[%emt 0:00:10]} O-O {[%emt 0:03:48]} 12. O-O {[%emt 0:02:19]} Nd7 {[%emt 0:00:31]} 13. Bg5 {[%emt 0:01:42]} Nf6 {[%emt 0:00:41]} 14. Qe2 {[%emt 0:01:54]} e6 {[%emt 0:02:08]} 15. Rad1 {[%emt 0:01:03]} Qc7 {[%emt 0:03:39]} 16. Rfe1 {[%emt 0:08:22]} Rfe8 {[%emt 0:01:25]} 17. b3 {[%emt 0:16:05]} c5 {[%emt 0:15:20]} 18. Qe5 {[%emt 0:04:11]} Nd5 {[%emt 0:12:40]} 19. Qxc7 {[%emt 0:02:18]} Nxc7 {[%emt 0:00:04]} 20. dxc5 {[%emt 0:02:15]} a5 {[%emt 0:05:36]} 21. Rd7 {[%emt 0:01:46]} Na6 {[%emt 0:00:12]} 22. Be3 {[%emt 0:06:55]} f5 {[%emt 0:05:22]} 23. Rxb7 {[%emt 0:04:10]} e5 {[%emt 0:00:26]} 24. g3 {[%emt 0:03:23]} f4 {[%emt 0:07:27]} 25. gxf4 {[%emt 0:01:35]} exf4 {[%emt 0:00:05]} 26. Bxf4 {[%emt 0:00:09]} Rxe1+ {[%emt 0:00:23]} 27. Nxe1 {[%emt 0:00:01]} Nxc5 {[%emt 0:00:07]} 28. Rb8+ {[%emt 0:05:05]} Rxb8 {[%emt 0:00:06]} 29. Bxb8 {[%emt 0:00:02]} Bc3 {[%emt 0:01:23]} 30. Kf1 {[%emt 0:00:30]} a4 {[%emt 0:00:18]} 31. bxa4 {[%emt 0:01:00]} Nxa4 {[%emt 0:00:05]} 32. Nd3 {[%emt 0:00:45]} Kf7 {[%emt 0:00:59]} 33. Be5 {[%emt 0:04:36]} Ba5 {[%emt 0:00:08]} 34. Bd4 {[%emt 0:00:26]} Ke6 {[%emt 0:00:57]} 35. Nc5+ {[%emt 0:00:23]} Nxc5 {[%emt 0:00:16]} 36. Bxc5 {[%emt 0:00:02]} g5 {[%emt 0:00:11]} 37. f3 {[%emt 0:00:59]} h5 {[%emt 0:00:04]} 38. h3 {[%emt 0:00:44]} Kf5 {[%emt 0:00:04]} 39. Bd6 {[%emt 0:01:55]} g4 {[%emt 0:00:13]} 40. Kg2 {[%emt 0:00:16]} Ke6 {[%emt 0:02:15]} 41. Bg3 {[%emt 0:00:49]} gxf3+ {[%emt 0:01:09]} 42. Kxf3 {[%emt 0:00:11]} Kd7 {[%emt 0:00:36]} 43. Ke4 {[%emt 0:00:24]} Kc6 {[%emt 0:00:07]} 44. Bf2 {[%emt 0:00:18]} 1-0

[Event "29. Klatovy A 2023"]
[Site "Klatovy"]
[Date "2023.07.06"]
[Round "6.2"]
[White "Jurek, Josef"]
[Black "Slovak, Kilian"]
[Result "0-1"]
[WhiteElo "2251"]
[BlackElo "2297"]
[PlyCount "74"]
[EventDate "2023.07.01"]
[EventType "swiss"]
[EventRounds "9"]
[EventCountry "CZE"]
[TimeControl "120+30"]

1. Nf3 {[%emt 0:00:06]} Nf6 {[%emt 0:00:08]} 2. c4 {[%emt 0:00:22]} g6 {[%emt 0:00:05]} 3. d4 {[%emt 0:00:21]} Bg7 {[%emt 0:00:07]} 4. g3 {[%emt 0:00:18]} O-O {[%emt 0:00:14]} 5. Bg2 {[%emt 0:00:14]} d6 {[%emt 0:00:07]} 6. Nc3 {[%emt 0:00:25]} Nc6 {[%emt 0:00:07]} 7. O-O {[%emt 0:00:45]} a6 {[%emt 0:00:05]} 8. Bf4 {[%emt 0:01:20]} h6 {[%emt 0:00:16]} 9. h3 {[%emt 0:00:34]} Rb8 {[%emt 0:00:26]} 10. Rc1 {[%emt 0:02:01]} g5 {[%emt 0:00:31]} 11. Bd2 {[%emt 0:01:23]} e5 {[%emt 0:00:11]} 12. d5 {[%emt 0:08:58]} Ne7 {[%emt 0:00:24]} 13. e4 {[%emt 0:01:50]} b5 {[%emt 0:00:09]} 14. cxb5 {[%emt 0:04:50]} axb5 {[%emt 0:01:03]} 15. b4 {[%emt 0:00:57]} c6 {[%emt 0:00:09]} 16. dxc6 {[%emt 0:04:17]} Nxc6 {[%emt 0:00:09]} 17. a3 {[%emt 0:15:03]} Be6 {[%emt 0:01:14]} 18. Be3 {[%emt 0:09:20]} Qd7 {[%emt 0:07:52]} 19. h4 {[%emt 0:06:35]} g4 {[%emt 0:11:49]} 20. Nd2 {[%emt 0:01:17]} Nd4 {[%emt 0:00:58]} 21. Nd5 {[%emt 0:06:40]} Nxd5 {[%emt 0:17:07]} 22. exd5 {[%emt 0:00:40]} Bf5 {[%emt 0:00:14]} 23. Bxd4 {[%emt 0:09:29]} exd4 {[%emt 0:00:55]} 24. Nb3 {[%emt 0:02:37]} d3 {[%emt 0:01:42]} 25. Qd2 {[%emt 0:01:32]} Ra8 {[%emt 0:07:07]} 26. Na5 {[%emt 0:01:05]} Rfe8 {[%emt 0:01:52]} 27. Rfe1 {[%emt 0:00:55]} Rxe1+ {[%emt 0:09:53]} 28. Rxe1 {[%emt 0:00:28]} Re8 {[%emt 0:00:29]} 29. Nb3 {[%emt 0:14:54]} Rxe1+ {[%emt 0:18:19]} 30. Qxe1 {[%emt 0:00:11]} Qc8 {[%emt 0:01:28]} 31. Qe3 {[%emt 0:11:18]} Qc3 {[%emt 0:07:01]} 32. Nd2 {[%emt 0:01:17]} Qc1+ {[%emt 0:10:39]} 33. Nf1 {[%emt 0:05:31]} Bb2 {[%emt 0:05:26]} 34. Kh2 {[%emt 0:06:44]} Bxa3 {[%emt 0:05:00]} 35. f3 {[%emt 0:01:30]} Qxe3 {[%emt 0:00:59]} 36. Nxe3 {[%emt 0:00:10]} d2 {[%emt 0:00:12]} 37. fxg4 {[%emt 0:01:39]} Bxg4 {[%emt 0:00:14]} 0-1

[Event "29. Klatovy A 2023"]
[Site "Klatovy"]
[Date "2023.07.06"]
[Round "6.3"]
[White "Horak, Martin"]
[Black "Vorisek, Jaroslav"]
[Result "1-0"]
[WhiteElo "2266"]
[BlackElo "2260"]
[PlyCount "51"]
[EventDate "2023.07.01"]
[EventType "swiss"]
[EventRounds "9"]
[EventCountry "CZE"]
[TimeControl "120+30"]

1. e4 e5 2. Bc4 Nf6 3. d3 Nc6 4. Nc3 Na5 5. Bb3 Bc5 6. Nf3 Nxb3 7. axb3 Qe7 8. O-O h6 9. Na4 d6 10. c3 a5 11. Nxc5 dxc5 12. b4 cxb4 13. cxb4 Qxb4 14. Qc2 O-O 15. Qxc7 Qb5 16. Nxe5 Be6 17. Bd2 a4 18. Bc3 Bb3 19. Nf3 Ra6 20. Nd4 Qxd3 21. Qxb7 Bc4 22. Rfe1 a3 23. Rad1 a2 24. Rxd3 Bxd3 25. b4 Nxe4 26. Ba1 1-0

[Event "29. Klatovy A 2023"]
[Site "Klatovy"]
[Date "2023.07.06"]
[Round "6.4"]
[White "Hurdzan, Tomas"]
[Black "Kupsa, Matej 2001"]
[Result "1-0"]
[WhiteElo "2309"]
[BlackElo "2145"]
[PlyCount "45"]
[EventDate "2023.07.01"]
[EventType "swiss"]
[EventRounds "9"]
[EventCountry "CZE"]
[TimeControl "120+30"]

1. e4 e6 2. d4 d5 3. Nc3 Nf6 4. e5 Nfd7 5. f4 c5 6. Nf3 Nc6 7. Be3 Be7 8. Qd2 O-O 9. dxc5 Qa5 10. a3 Bxc5 11. Bxc5 Qxc5 12. Bd3 a5 13. O-O-O Rb8 14. Rhe1 b5 15. Bxh7+ Kh8 16. Ng5 b4 17. Na4 bxa3 18. Nxc5 a2 19. Qd3 a1=Q+ 20. Kd2 Qxb2 21. Qh3 Qb4+ 22. Ke2 Re8 23. Nxf7# 1-0

[Event "29. Klatovy A 2023"]
[Site "Klatovy"]
[Date "2023.07.06"]
[Round "6.5"]
[White "Flajsman, Pavel"]
[Black "Soural, Jan"]
[Result "0-1"]
[WhiteElo "2192"]
[BlackElo "2176"]
[PlyCount "86"]
[EventDate "2023.07.01"]
[EventType "swiss"]
[EventRounds "9"]
[EventCountry "CZE"]
[TimeControl "120+30"]

1. d4 {[%emt 0:00:04]} Nf6 {[%emt 0:00:08]} 2. c4 {[%emt 0:00:09]} g6 {[%emt 0:00:12]} 3. Nc3 {[%emt 0:00:13]} d5 {[%emt 0:01:12]} 4. cxd5 {[%emt 0:00:07]} Nxd5 {[%emt 0:00:06]} 5. e4 {[%emt 0:00:04]} Nxc3 {[%emt 0:00:05]} 6. bxc3 {[%emt 0:00:02]} Bg7 {[%emt 0:00:10]} 7. Qa4+ {[%emt 0:00:09]} Nd7 {[%emt 0:00:34]} 8. Nf3 {[%emt 0:00:17]} O-O {[%emt 0:00:21]} 9. Be2 {[%emt 0:00:14]} c5 {[%emt 0:05:40]} 10. Qa3 {[%emt 0:00:33]} e6 {[%emt 0:08:54]} 11. O-O {[%emt 0:04:34]} b6 {[%emt 0:09:14]} 12. e5 {[%emt 0:06:41]} Bb7 {[%emt 0:01:53]} 13. Bg5 {[%emt 0:02:26]} Qc7 {[%emt 0:09:04]} 14. Rac1 {[%emt 0:04:25]} h6 {[%emt 0:05:39]} 15. Be3 {[%emt 0:16:49]} a6 {[%emt 0:07:36]} 16. Qb2 {[%emt 0:22:14]} c4 {[%emt 0:03:28]} 17. h4 {[%emt 0:17:53]} b5 {[%emt 0:10:28]} 18. Qd2 {[%emt 0:03:29]} Kh7 {[%emt 0:13:56]} 19. Bf4 {[%emt 0:21:07]} Nb6 {[%emt 0:03:24]} 20. Nh2 {[%emt 0:02:55]} Nd5 {[%emt 0:12:03]} 21. Bg3 {[%emt 0:00:05]} Qe7 {[%emt 0:08:00]} 22. Bf3 {[%emt 0:01:00]} Rfc8 {[%emt 0:00:27]} 23. h5 {[%emt 0:06:27]} a5 {[%emt 0:02:58]} 24. Be4 {[%emt 0:06:50]} b4 {[%emt 0:01:59]} 25. Qc2 {[%emt 0:03:17]} Nxc3 {[%emt 0:02:29]} 26. hxg6+ {[%emt 0:00:14]} Kh8 {[%emt 0:01:10]} 27. Bxb7 {[%emt 0:01:09]} Qxb7 {[%emt 0:00:05]} 28. Rfe1 {[%emt 0:02:30]} Nxa2 {[%emt 0:09:32]} 29. Qxa2 {[%emt 0:04:06]} c3 {[%emt 0:00:06]} 30. Bf4 {[%emt 0:02:14]} b3 {[%emt 0:02:19]} 31. Qb1 {[%emt 0:01:05]} c2 {[%emt 0:02:36]} 32. Qb2 {[%emt 0:00:02]} a4 {[%emt 0:02:23]} 33. Re3 {[%emt 0:00:05]} fxg6 {[%emt 0:01:37]} 34. Rh3 {[%emt 0:00:27]} Rab8 {[%emt 0:04:05]} 35. Ra1 {[%emt 0:00:44]} Qb4 {[%emt 0:01:32]} 36. Bc1 {[%emt 0:01:07]} Bf8 {[%emt 0:00:36]} 37. Rxh6+ {[%emt 0:02:23]} Bxh6 {[%emt 0:00:56]} 38. Bxh6 {[%emt 0:00:04]} a3 {[%emt 0:01:53]} 39. Rxa3 {[%emt 0:00:08]} c1=Q+ {[%emt 0:00:28]} 40. Bxc1 {[%emt 0:00:20]} Qe1+ {[%emt 0:00:04]} 41. Nf1 {[%emt 0:00:03]} Qxc1 {[%emt 0:00:45]} 42. Qe2 {[%emt 0:01:16]} Qxa3 {[%emt 0:00:06]} 43. Qf3 {[%emt 0:00:08]} Qe7 {[%emt 0:00:39]} 0-1

[Event "29. Klatovy A 2023"]
[Site "Klatovy"]
[Date "2023.07.06"]
[Round "6.6"]
[White "Palek, Miroslav"]
[Black "Janous, Marek"]
[Result "1/2-1/2"]
[WhiteElo "2091"]
[BlackElo "2185"]
[PlyCount "74"]
[EventDate "2023.07.01"]
[EventType "swiss"]
[EventRounds "9"]
[EventCountry "CZE"]
[TimeControl "120+30"]

1. e4 {[%emt 0:00:04]} c5 {[%emt 0:01:38]} 2. Nc3 {[%emt 0:00:36]} Nc6 {[%emt 0:01:42]} 3. g3 {[%emt 0:00:19]} e6 {[%emt 0:00:51]} 4. Bg2 {[%emt 0:00:14]} Nf6 {[%emt 0:00:14]} 5. Nge2 {[%emt 0:00:58]} Be7 {[%emt 0:03:17]} 6. O-O {[%emt 0:00:59]} a6 {[%emt 0:03:41]} 7. d4 {[%emt 0:07:39]} cxd4 {[%emt 0:01:19]} 8. Nxd4 {[%emt 0:00:08]} Qc7 {[%emt 0:01:07]} 9. Re1 {[%emt 0:14:20]} Nxd4 {[%emt 0:58:57]} 10. Qxd4 {[%emt 0:01:06]} Bc5 {[%emt 0:00:30]} 11. Qd1 {[%emt 0:06:59]} d6 {[%emt 0:00:58]} 12. Na4 {[%emt 0:07:08]} Ba7 {[%emt 0:02:52]} 13. Be3 {[%emt 0:03:26]} Bd7 {[%emt 0:10:04]} 14. Bxa7 {[%emt 0:10:21]} Rxa7 {[%emt 0:01:01]} 15. Qd4 {[%emt 0:02:52]} b5 {[%emt 0:01:51]} 16. Nc3 {[%emt 0:00:37]} e5 {[%emt 0:03:14]} 17. Qd2 {[%emt 0:02:20]} b4 {[%emt 0:10:55]} 18. Nd1 {[%emt 0:02:59]} Qc5 {[%emt 0:04:24]} 19. a3 {[%emt 0:00:47]} bxa3 {[%emt 0:01:39]} 20. Rxa3 {[%emt 0:00:26]} Be6 {[%emt 0:03:47]} 21. Ree3 {[%emt 0:08:34]} O-O {[%emt 0:05:07]} 22. Red3 {[%emt 0:01:55]} Rd8 {[%emt 0:02:13]} 23. Ra5 {[%emt 0:07:20]} Qc6 {[%emt 0:02:27]} 24. Rxe5 {[%emt 0:15:33]} Rad7 {[%emt 0:05:30]} 25. Ra5 {[%emt 0:01:28]} Nxe4 {[%emt 0:00:52]} 26. Qe1 {[%emt 0:06:50]} d5 {[%emt 0:00:11]} 27. c3 {[%emt 0:03:48]} Nc5 {[%emt 0:01:41]} 28. Re3 {[%emt 0:01:29]} Nb3 {[%emt 0:00:05]} 29. Ra3 {[%emt 0:00:37]} Qb6 {[%emt 0:00:02]} 30. Rd3 {[%emt 0:03:29]} h6 {[%emt 0:00:29]} 31. Ne3 {[%emt 0:01:07]} d4 {[%emt 0:00:19]} 32. cxd4 {[%emt 0:01:30]} Rxd4 {[%emt 0:00:40]} 33. Rxd4 {[%emt 0:00:25]} Nxd4 {[%emt 0:01:27]} 34. b4 {[%emt 0:02:03]} Rc8 {[%emt 0:00:36]} 35. Ra1 {[%emt 0:01:22]} Qb5 {[%emt 0:00:19]} 36. Qd1 {[%emt 0:01:02]} Nb3 {[%emt 0:01:34]} 37. Bf1 {[%emt 0:01:24]} Qxb4 {[%emt 0:02:03]} 1/2-1/2

[Event "29. Klatovy A 2023"]
[Site "Klatovy"]
[Date "2023.07.06"]
[Round "6.7"]
[White "Jun, Rudolf"]
[Black "Kishore, Kumar Jaganathan"]
[Result "1-0"]
[WhiteElo "2223"]
[BlackElo "1860"]
[PlyCount "69"]
[EventDate "2023.07.01"]
[EventType "swiss"]
[EventRounds "9"]
[EventCountry "CZE"]
[TimeControl "120+30"]

1. e4 {[%emt 0:00:00]} c5 {[%emt 0:03:35]} 2. Nf3 {[%emt 0:01:54]} Nc6 {[%emt 0:00:15]} 3. c4 {[%emt 0:00:46]} e5 {[%emt 0:02:30]} 4. Nc3 {[%emt 0:00:05]} Nf6 {[%emt 0:00:21]} 5. d3 {[%emt 0:00:30]} d6 {[%emt 0:00:10]} 6. a3 {[%emt 0:00:21]} Be7 {[%emt 0:05:57]} 7. Be2 {[%emt 0:00:00]} Be6 {[%emt 0:02:04]} 8. O-O {[%emt 0:03:31]} O-O {[%emt 0:00:00]} 9. Rb1 {[%emt 0:06:09]} Nd4 {[%emt 0:00:00]} 10. Nxd4 {[%emt 0:06:25]} cxd4 {[%emt 0:00:00]} 11. Nd5 {[%emt 0:04:18]} Nxd5 {[%emt 0:00:00]} 12. cxd5 {[%emt 0:01:47]} Bd7 {[%emt 0:00:00]} 13. f4 {[%emt 0:01:49]} Rc8 {[%emt 0:00:00]} 14. Bd2 {[%emt 0:13:54]} f5 {[%emt 0:00:00]} 15. fxe5 {[%emt 0:00:00]} dxe5 {[%emt 0:00:00]} 16. exf5 {[%emt 0:00:00]} Rxf5 {[%emt 0:00:00]} 17. Rxf5 {[%emt 0:00:00]} Bxf5 {[%emt 0:00:00]} 18. Bg4 {[%emt 0:00:00]} Qd7 {[%emt 0:00:00]} 19. Bxf5 {[%emt 0:00:00]} Qxf5 {[%emt 0:00:00]} 20. Rc1 {[%emt 0:00:00]} Rd8 {[%emt 0:00:00]} 21. Qe2 {[%emt 0:00:00]} Bd6 {[%emt 0:00:00]} 22. Rf1 {[%emt 0:00:00]} Qd7 {[%emt 0:00:00]} 23. Qe4 {[%emt 0:00:00]} Rc8 {[%emt 0:00:00]} 24. h3 {[%emt 0:00:00]} Rc2 {[%emt 0:00:00]} 25. Bb4 {[%emt 0:00:00]} h6 {[%emt 0:00:00]} 26. Bxd6 {[%emt 0:00:00]} Qxd6 {[%emt 0:00:00]} 27. Rf5 {[%emt 0:00:00]} Rxb2 {[%emt 0:00:00]} 28. Rxe5 {[%emt 0:00:00]} Rb1+ {[%emt 0:00:00]} 29. Kf2 {[%emt 0:00:00]} Rb2+ {[%emt 0:00:00]} 30. Kg1 {[%emt 0:00:00]} Rb1+ {[%emt 0:00:00]} 31. Kf2 {[%emt 0:00:00]} Rb2+ {[%emt 0:00:00]} 32. Kf3 {[%emt 0:00:00]} g6 {[%emt 0:00:00]} 33. Re6 {[%emt 0:00:00]} Qf8+ {[%emt 0:00:00]} 34. Kg3 {[%emt 0:00:00]} Qf2+ {[%emt 0:00:00]} 35. Kh2 {[%emt 0:00:00]} 1-0